For clavigera (Record no. 130127)
[ view plain ]
| 000 -LEADER | |
|---|---|
| fixed length control field | 00589nam a22001817a 4500 |
| 008 - FIXED-LENGTH DATA ELEMENTS--GENERAL INFORMATION | |
| fixed length control field | 191204b ||||| |||| 00| 0 eng d |
| 050 ## - LIBRARY OF CONGRESS CALL NUMBER | |
| Classification number | HD8390.B9 |
| 100 ## - MAIN ENTRY--PERSONAL NAME | |
| Personal name | Ruskin, John |
| 9 (RLIN) | 48912 |
| 245 ## - TITLE STATEMENT | |
| Title | For clavigera |
| Remainder of title | letters to the workmen and labourers of Great Britain |
| Statement of responsibility, etc | John ruskin |
| 260 ## - PUBLICATION, DISTRIBUTION, ETC. (IMPRINT) | |
| Place of publication, distribution, etc | Boston |
| Name of publisher, distributor, etc | Dana estes and company |
| Date of publication, distribution, etc | 1878 |
| 300 ## - PHYSICAL DESCRIPTION | |
| Extent | 412p. ; |
| Dimensions | 21cm. |
| 500 ## - GENERAL NOTE | |
| General note | tome 2 vols. 3 and 4 |
| 650 ## - SUBJECT ADDED ENTRY--TOPICAL TERM | |
| Topical term or geographic name as entry element | Conduct of life |
| 9 (RLIN) | 7244 |
| 650 ## - SUBJECT ADDED ENTRY--TOPICAL TERM | |
| Topical term or geographic name as entry element | Aesthetics |
| 9 (RLIN) | 48913 |
| 650 ## - SUBJECT ADDED ENTRY--TOPICAL TERM | |
| Topical term or geographic name as entry element | Social problems |
| 9 (RLIN) | 6331 |
| 651 ## - SUBJECT ADDED ENTRY--GEOGRAPHIC NAME | |
| Geographic name | Great Britain |
| General subdivision | Social conditions |
| 9 (RLIN) | 27639 |
| 942 ## - ADDED ENTRY ELEMENTS (KOHA) | |
| Source of classification or shelving scheme | Library of Congress Classification |
| Item type | Monograph ( Printed materials) |
| Withdrawn status | Lost status | Source of classification or shelving scheme | Damaged status | Not for loan | Collection code | Home library | Current library | Shelving location | Date acquired | Total Checkouts | Full call number | Barcode | Date last seen | Price effective from | Koha item type |
|---|---|---|---|---|---|---|---|---|---|---|---|---|---|---|---|
| Library of Congress Classification | Main Collection | ARRUPE LIBRARY | ARRUPE LIBRARY | Main Collection | 04/12/2019 | HD8390.B9 | 46600006130 | 04/12/2019 | 04/12/2019 | Monograph ( Printed materials) |